000 01110nam a22002897a 4500
001 BD-DhSAU 8888
003 BD-DhSAU
005 20181220110532.0
008 150420b2011 bg ||||| m||| 00| 0 eng d
040 _aBD-DhSAU
082 _222
_a635
_bA1415
100 _eRegistration # 05-01806
_aAli, Md. Arafat
245 _aEffect of waterlogging and seedling age on morphological and photosynthetic characters of eggplant /
_bMS thesis
_cMd. Arafat Ali
260 _aSher-e-Bangla Agricultural University :
_bDepartment of Horticulture,
_c2011.
300 _aix, 54 p. :
_c30 cm.
_bill. ;
500 _aMS thesis of Department of Horticulture, Faculty of Agriculture, Sher-e-Bangla Agricultural University, Dhaka
504 _aIncludes bibliographical reference.
590 _aJerin
650 _aHorticulture
650 _amorphology
650 _aeggplant
650 _aphotosynthetic
700 _aIslam, Md. Nazrul
_eSuperviser
700 _aIslam, Md. Nazirul
_eCo-superviser
856 _uhttp://archive.saulibrary.edu.bd:8080/xmlui/handle/123456789/507
942 _2ddc
_cTHESIS
999 _c8888
_d8888